LEADER 01352nam a2200301 a 4500 001 000000121638 003 CaOOAMICUS 005 20100510100549.0 008 100510t2010 it ad u000 u ita r 020 $a978-88-16-40936-1 040 $aPUL$bita$dReb 082 04$a509 100 1 $aRonchi, Claudio,$d1940-$0(OLS)http://pul/name/76206 245 12$aL'albero della conoscenza :$bluci e ombre della scienza /$cClaudio Ronchi. 260 $aMilano :$bJaca Book,$c©2010. 300 $a270 p. :$bill., grafici ;$c23 cm 490 1 $aDi fronte e attraverso.$aL'evoluzione dell'universo ;$v936 504 $aBibliografia: p. 261-264. 650 4$aEvoluzione (biologia).$0(OLS)http://pul/subject/29038 650 4$aEvoluzione.$0(OLS)http://pul/subject/1620 830 0$aDi fronte e attraverso.$pL'evoluzione dell'universo ;$v936.$0(OLS)http://pul/title/139128 850 $aPUL 852 $aPUL$W1$xSL Cons. Gen., Altre Classi 3$y75$m509 RONCL 1$j139609$qDDC 21$B138806$CPULBib$Z2$F138806 $H113625 $82 941 1 $a9 996 $6020$a978-88-16-40936-1$9(OLS)http://pul/number/144118 996 $6082$a509$9(OLS)http://pul/classification/514 996 $6245$aL'albero della conoscenza :$bluci e ombre della scienza$9(OLS)http://pul/title/153039 996 $6260$aMilano :$bJaca Book$9(OLS)http://pul/publisher/47900 LEADER 01409nam a2200313 a 4500 001 000000171268 003 CaOOAMICUS 005 20181221120052.0 008 181221s2013 it u000 u ita r 020 $a978-88-209-9086-2* 032 $aLibriCat 040 $aPUL$bita 082 04$a252 100 1 $aColosi, Lorenzina.$0(OLS)http://pul/name/110022 245 10$aFrammenti di una storia :$bUfficio Catechistico di Roma, 1958-2008 /$cLorenzina Colosi ; presentazione del Card. Camillo Ruini. 260 $aCittą del Vaticano :$bLibreria editrice vaticana,$c©2013. 300 $a232 p. ;$c21 cm. 504 $aBibliografia in nota. 650 4$aCatechismo$xInsegnamento.$0(OLS)http://pul/subject/39346 650 4$aCatechismo della Chiesa cattolica.$0(OLS)http://pul/subject/28591 700 1 $aRuini, Camillo,$ccard.,$d1931-$0(OLS)http://pul/name/19821 850 $aPUL 852 $aPUL$W1$xSL Religione 3$y85$m252 COLLO 1$j194948$qDDC 21$B199848$CPULBib$Z2$F199848 $H132064 $81 941 1 $a9 996 $6020$a978-88-209-9086-2*$9(OLS)http://pul/number/165588 996 $6082$a252$9(OLS)http://pul/classification/561 996 $6245$aFrammenti di una storia :$bUfficio Catechistico di Roma, 1958-2008$9(OLS)http://pul/title/212108 996 $6260$aCittą del Vaticano :$bLibreria editrice vaticana$9(OLS)http://pul/publisher/47920